[Event "42nd IND-ch (w)"]
[Site "Kolkata IND"]
[Date "2015.11.13"]
[Round "1"]
[White "Swathi, Ghate"]
[Black "Priyanka, Nutakki"]
[Result "1-0"]
[WhiteElo "2230"]
[BlackElo "1994"]
[EventDate "2015.11.13"]
[PlyCount "81"]

1.e4 e6 2.d3 d5 3.Nd2 c5 4.Ngf3 Nf6 5.g3 g6 6.Bg2 Bg7 7.O-O O-O 8.exd5 
exd5 9.Nb3 b6 10.Ne5 Bb7 11.d4 Ne4 12.Bf4 cxd4 13.Nf3 d3 14.cxd3 Nd6 15.
Nbd4 Nc6 16.Qa4 Nxd4 17.Nxd4 Qe8 18.Qb4 Nc8 19.Rfe1 Qd7 20.Qb5 Qd8 21.Nc6 
Bxc6 22.Qxc6 Ne7 23.Qb7 Re8 24.Rac1 Bf6 25.h4 Rc8 26.Rxc8 Qxc8 27.Qxa7 Nc6
28.Rxe8+ Qxe8 29.Qxb6 Bd4 30.Qb7 Qe1+ 31.Kh2 Qe6 32.Bh6 Nd8 33.Qb4 Bg7 34.
Bxg7 Kxg7 35.Qd4+ Qf6 36.Qxf6+ Kxf6 37.Bxd5 Ke5 38.Bc4 f6 39.h5 g5 40.h6 
Kf5 41.Bd5 1-0

[Event "42nd IND-ch (w)"]
[Site "Kolkata IND"]
[Date "2015.11.13"]
[Round "1"]
[White "Tania, Sachdev"]
[Black "Soumya, Swaminathan"]
[Result "1/2-1/2"]
[WhiteElo "2385"]
[BlackElo "2341"]
[EventDate "2015.11.13"]
[PlyCount "144"]

1.d4 d5 2.c4 c6 3.Nf3 Nf6 4.Nc3 e6 5.g3 dxc4 6.Bg2 Nbd7 7.a4 Be7 8.O-O O-O
9.Qc2 Qa5 10.e4 e5 11.Ne2 exd4 12.Nexd4 Ne5 13.Nxe5 Qxe5 14.Qxc4 Rd8 15.
Ne2 Be6 16.Qc3 Qxc3 17.Nxc3 Bc4 18.Re1 Ng4 19.Bf1 Bb3 20.Be2 Ne5 21.a5 Bc5
22.Kg2 Rd7 23.Na4 Bb4 24.Nc3 Bc2 25.f3 Bc5 26.Bf4 Ng6 27.Bc1 Re8 28.Bd1 
Bxd1 29.Rxd1 Red8 30.Rxd7 Rxd7 31.f4 Rd3 32.Ra4 f6 33.Rc4 b6 34.Na4 Rd4 
35.Rxd4 Bxd4 36.axb6 axb6 37.Kf3 b5 38.Nc3 Kf7 39.Be3 Bxe3 40.Kxe3 Nf8 41.
Ne2 Ne6 42.Nd4 Nd8 43.Kd3 g6 44.b4 Ke7 45.Nb3 Kd6 46.Nc5 f5 47.Kd4 fxe4 
48.Nxe4+ Ke7 49.Kc5 h5 50.Ng5 Kd7 51.Nf3 Kc7 52.Kd4 Kd6 53.Ng5 Nb7 54.Ne4+
Ke7 55.Ke5 Nd8 56.Ng5 Nb7 57.Ne4 Nd8 58.Nd6 Ne6 59.f5 gxf5 60.Nxf5+ Kd7 
61.Ne3 c5 62.bxc5 Nxc5 63.Kd5 Nd3 64.Kd4 Nf2 65.Nd5 Ke6 66.Nf4+ Kf5 67.
Nxh5 Kg4 68.Nf4 Nh1 69.Ne2 Kf3 70.Kc5 Kxe2 71.g4 Nf2 72.Kxb5 Nxg4 1/2-1/2

[Event "42nd IND-ch (w)"]
[Site "Kolkata IND"]
[Date "2015.11.13"]
[Round "1"]
[White "Priyanka, Kumari"]
[Black "Varshini, Velavan"]
[Result "0-1"]
[WhiteElo "2011"]
[BlackElo "2163"]
[EventDate "2015.11.13"]
[PlyCount "60"]

1.e4 c5 2.Nf3 d6 3.d4 cxd4 4.Nxd4 Nf6 5.Nc3 a6 6.h3 e6 7.g4 b5 8.g5 Nfd7 
9.Be3 Bb7 10.f3 Nc6 11.Qd2 Be7 12.h4 Rc8 13.O-O-O Na5 14.Kb1 Nb6 15.Qf2 
Nac4 16.Bc1 b4 17.Nce2 Qc7 18.Ng3 d5 19.Nh5 O-O 20.e5 Nxe5 21.f4 Ned7 22.
f5 Bc5 23.Qe2 Bxd4 24.Rxd4 e5 25.Rxb4 d4 26.Bg2 Nd5 27.Rb3 Nc5 28.Rg3 e4 
29.g6 fxg6 30.fxg6 h6 0-1

[Event "42nd IND-ch (w)"]
[Site "Kolkata IND"]
[Date "2015.11.13"]
[Round "1"]
[White "Vaishali, Ramesh Babu"]
[Black "Padmini, Rout"]
[Result "1/2-1/2"]
[WhiteElo "2298"]
[BlackElo "2437"]
[EventDate "2015.11.13"]
[PlyCount "96"]

1.e3 d5 2.Nf3 g6 3.c4 c6 4.Nc3 Nf6 5.b3 Bg7 6.Bb2 O-O 7.Be2 Nbd7 8.cxd5 
Nxd5 9.O-O Nc5 10.Rc1 Ne4 11.Na4 Bxb2 12.Nxb2 f6 13.b4 Be6 14.a3 a5 15.b5 
cxb5 16.Nd4 Bf7 17.Nxb5 Nb6 18.d4 Nd6 19.Na4 Nbc4 20.Nc5 b6 21.Nb7 Qd7 22.
N7xd6 Nxd6 23.Rc7 Qd8 24.Qc2 Rc8 25.Rc1 Rxc7 26.Qxc7 Qxc7 27.Rxc7 Rc8 28.
Rxc8+ Nxc8 29.e4 Nd6 30.f3 Nxb5 31.Bxb5 Kf8 32.Kf2 e5 33.Ke3 Ke7 34.f4 Kd6
35.g3 g5 36.fxg5 fxg5 37.h4 h6 38.Kd3 Be6 39.Ke3 Bg4 40.hxg5 hxg5 41.Ba4 
Bh3 42.Bb5 Bc8 43.Kd3 Bg4 44.Ke3 Bh3 45.Kf3 Be6 46.Ke3 Bh3 47.Kf3 Be6 48.
Ke3 Bh3 1/2-1/2

[Event "42nd IND-ch (w)"]
[Site "Kolkata IND"]
[Date "2015.11.13"]
[Round "1"]
[White "Kulkarni, Bhakti"]
[Black "Michelle, Catherina"]
[Result "1/2-1/2"]
[WhiteElo "2257"]
[BlackElo "2242"]
[EventDate "2015.11.13"]
[PlyCount "73"]

1.d4 Nf6 2.Nf3 e6 3.c4 d5 4.Nc3 Bb4 5.Bg5 Nbd7 6.cxd5 exd5 7.a3 Bxc3+ 8.
bxc3 c5 9.g3 Qa5 10.Bd2 Ne4 11.c4 Nxd2 12.Qxd2 Qxd2+ 13.Nxd2 dxc4 14.Nxc4 
cxd4 15.Nd6+ Ke7 16.Nf5+ Kf6 17.Nxd4 Nc5 18.Rc1 Rd8 19.Rxc5 Rxd4 20.Bg2 
Ra4 21.Rc3 Rb8 22.Kd2 Bf5 23.Rhc1 g6 24.Rf3 Kg7 25.Re3 b5 26.Bc6 Rd8+ 27.
Ke1 a6 28.f3 h5 29.Rec3 Be6 30.Be4 h4 31.g4 Rd6 32.h3 Kf6 33.Bd3 Rad4 34.
Kf2 Ra4 35.Rd1 Rd7 36.Rdc1 Rd6 37.Rd1 1/2-1/2

[Event "42nd IND-ch (w)"]
[Site "Kolkata IND"]
[Date "2015.11.13"]
[Round "1"]
[White "Pratyusha, Bodda"]
[Black "Singh, Neha"]
[Result "1-0"]
[WhiteElo "2248"]
[BlackElo "2024"]
[EventDate "2015.11.13"]
[PlyCount "71"]

1.d4 Nf6 2.c4 g6 3.Nc3 Bg7 4.e4 d6 5.Be2 O-O 6.Be3 e5 7.d5 c6 8.h3 cxd5 9.
cxd5 Nbd7 10.Nf3 Ne8 11.g4 f5 12.gxf5 gxf5 13.exf5 Rxf5 14.Bd3 Rf8 15.Ng5 
Ndf6 16.Qc2 h6 17.Nh7 Rf7 18.Rg1 Kh8 19.Nxf6 Nxf6 20.Rg6 Qf8 21.Qd2 Ng8 
22.O-O-O Rf6 23.Rg3 Rf3 24.Bc2 Rf7 25.Rdg1 Bd7 26.Qe2 b5 27.Qh5 b4 28.Qg6 
Bf5 29.Bxf5 Rxf5 30.Qxg7+ Qxg7 31.Rxg7 bxc3 32.bxc3 Nf6 33.R7g6 Nh7 34.
Rxd6 Rh5 35.Bxh6 Rg8 36.Bg7+ 1-0

[Event "42nd IND-ch (w)"]
[Site "Kolkata IND"]
[Date "2015.11.14"]
[Round "2"]
[White "Priyanka, Nutakki"]
[Black "Singh, Neha"]
[Result "1-0"]
[WhiteElo "1994"]
[BlackElo "2024"]
[EventDate "2015.11.13"]
[PlyCount "77"]

1.d4 Nf6 2.c4 g6 3.Nc3 Bg7 4.e4 d6 5.f4 O-O 6.Nf3 c5 7.d5 Na6 8.Be2 e6 9.
O-O exd5 10.cxd5 Nc7 11.a4 Re8 12.Nd2 b6 13.Re1 Rb8 14.Kh1 a6 15.Bf3 b5 
16.axb5 axb5 17.Nb3 b4 18.Nb1 h5 19.h3 Ng4 20.hxg4 Qh4+ 21.Kg1 hxg4 22.g3 
Qxg3+ 23.Bg2 c4 24.Re3 Qxf4 25.Rc3 Qf6 26.Rxc4 Na8 27.N1d2 Re5 28.Na5 Bd7 
29.Nc6 Bxc6 30.dxc6 Qh4 31.Nf1 Rh5 32.Bf4 Bxb2 33.Qxd6 Rd8 34.Rxa8 Rxa8 
35.c7 Bf6 36.c8=Q+ Rxc8 37.Rxc8+ Kh7 38.Qd7 Qe1 39.Qxf7+ 1-0

[Event "42nd IND-ch (w)"]
[Site "Kolkata IND"]
[Date "2015.11.14"]
[Round "2"]
[White "Michelle, Catherina"]
[Black "Pratyusha, Bodda"]
[Result "0-1"]
[WhiteElo "2242"]
[BlackElo "2248"]
[EventDate "2015.11.13"]
[PlyCount "86"]

1.e4 c5 2.Nf3 e6 3.d4 cxd4 4.Nxd4 Nc6 5.Nc3 Qc7 6.Be2 Nf6 7.O-O Be7 8.Be3 
O-O 9.f4 d6 10.Kh1 Nxd4 11.Qxd4 b6 12.Bf3 Bb7 13.Rad1 Rfd8 14.Nb5 Qd7 15.
c4 a6 16.Nc3 b5 17.cxb5 axb5 18.a3 Bc6 19.e5 Bxf3 20.Rxf3 dxe5 21.Qxd7 
Rxd7 22.Rxd7 Nxd7 23.Nxb5 Rb8 24.a4 e4 25.Rf1 Nf6 26.Kg1 Rd8 27.Rc1 h5 28.
Kf2 Rd3 29.Rc3 Bb4 30.Rc8+ Kh7 31.h3 Nd5 32.Rc4 f5 33.Bc1 Bd2 34.Nc7 Bxc1 
35.Rxc1 Rd2+ 36.Kg3 h4+ 37.Kxh4 Nxf4 38.Kg5 Nd3 39.Rg1 e3 40.a5 e2 41.g4 
Rd1 42.a6 Rxg1 43.a7 e1=Q 0-1

[Event "42nd IND-ch (w)"]
[Site "Kolkata IND"]
[Date "2015.11.14"]
[Round "2"]
[White "Padmini, Rout"]
[Black "Kulkarni, Bhakti"]
[Result "1-0"]
[WhiteElo "2437"]
[BlackElo "2257"]
[EventDate "2015.11.13"]
[PlyCount "97"]

1.e4 e6 2.d4 d5 3.Nc3 dxe4 4.Nxe4 Bd7 5.Nf3 Bc6 6.Bd3 Nd7 7.O-O Ngf6 8.
Neg5 Be7 9.Nxf7 Kxf7 10.Ng5+ Kg8 11.Nxe6 Qc8 12.Re1 Bd6 13.Bc4 b5 14.Bb3 
Bd5 15.Bxd5 Nxd5 16.Bh6 g6 17.Qf3 N7f6 18.Bg7 Kf7 19.Bxf6 Nxf6 20.Qb3 Rf8 
21.Nxc7+ Kg7 22.Ne6+ Kh8 23.Nxf8 Qxf8 24.Qf3 Rc8 25.c3 Rc7 26.Re6 Rf7 27.
Rae1 Kg7 28.Qc6 Bb8 29.g3 b4 30.Qb5 bxc3 31.bxc3 Qd8 32.h3 Bc7 33.Qe2 Bd6 
34.c4 Bb4 35.Rd1 Rd7 36.d5 Bc5 37.Rd3 Qb8 38.Rf3 Rf7 39.Kg2 Bd6 40.Qe3 Nd7
41.h4 Rxf3 42.Qxf3 Bf8 43.h5 Qb1 44.Rc6 Qb8 45.hxg6 hxg6 46.d6 Qe8 47.c5 
Ne5 48.Rc7+ Kh8 49.Qe4 1-0

[Event "42nd IND-ch (w)"]
[Site "Kolkata IND"]
[Date "2015.11.14"]
[Round "2"]
[White "Varshini, Velavan"]
[Black "Vaishali, Ramesh Babu"]
[Result "1-0"]
[WhiteElo "2163"]
[BlackElo "2298"]
[EventDate "2015.11.13"]
[PlyCount "57"]

1.e4 e5 2.Nf3 Nc6 3.Bb5 a6 4.Ba4 Nge7 5.d4 exd4 6.Nxd4 g6 7.O-O Bg7 8.c3 
O-O 9.Be3 b5 10.Bc2 Ne5 11.Nd2 d6 12.h3 c5 13.N4f3 Nxf3+ 14.Nxf3 Bb7 15.
Qd2 f5 16.Ng5 Rf6 17.e5 dxe5 18.Qxd8+ Rxd8 19.Bxc5 Nd5 20.Bb3 Rd7 21.Rfd1 
Bf8 22.Bxf8 Rxf8 23.a4 b4 24.Ne6 Rc8 25.cxb4 Ba8 26.Rac1 Rxc1 27.Rxc1 Kf7 
28.Nc7 Bb7 29.Rc5 1-0

[Event "42nd IND-ch (w)"]
[Site "Kolkata IND"]
[Date "2015.11.14"]
[Round "2"]
[White "Soumya, Swaminathan"]
[Black "Priyanka, Kumari"]
[Result "1-0"]
[WhiteElo "2341"]
[BlackElo "2011"]
[EventDate "2015.11.13"]
[PlyCount "75"]

1.e4 c5 2.Nf3 d6 3.d4 cxd4 4.Nxd4 Nf6 5.Nc3 a6 6.Bg5 Nbd7 7.Qe2 Qc7 8.
O-O-O e6 9.f4 Be7 10.g4 b5 11.a3 Bb7 12.Rg1 h6 13.Bxf6 Bxf6 14.Ndxb5 axb5 
15.Nxb5 Qb6 16.Nxd6+ Ke7 17.e5 Qxg1 18.Nxb7 Qb6 19.exf6+ Nxf6 20.g5 hxg5 
21.fxg5 Nd7 22.Nd6 Qc5 23.Nxf7 Rhb8 24.Bh3 Rxb2 25.Qxe6+ Kf8 26.Qd6+ Qxd6 
27.Rxd6 Nc5 28.Kxb2 Kxf7 29.g6+ Kf8 30.Rc6 Rb8+ 31.Kc3 Ne4+ 32.Kd4 Nf6 33.
Rc8+ Rxc8 34.Bxc8 Ke7 35.Ke5 Ne8 36.c4 Nd6 37.Be6 Nb7 38.a4 1-0

[Event "42nd IND-ch (w)"]
[Site "Kolkata IND"]
[Date "2015.11.15"]
[Round "3"]
[White "Tania, Sachdev"]
[Black "Priyanka, Nutakki"]
[Result "1/2-1/2"]
[WhiteElo "2385"]
[BlackElo "1994"]
[EventDate "2015.11.13"]
[PlyCount "85"]

1.d4 Nf6 2.c4 e6 3.Nf3 Bb4+ 4.Bd2 Bxd2+ 5.Qxd2 b6 6.g3 Bb7 7.Bg2 O-O 8.O-O
d6 9.Nc3 Nbd7 10.d5 e5 11.b4 Qe7 12.e4 a5 13.a3 Ra6 14.Rfc1 Rfa8 15.Rab1 
axb4 16.axb4 Bc8 17.Ne1 Ne8 18.Bf1 R6a7 19.Nd3 h6 20.f4 exf4 21.gxf4 Qh4 
22.Qf2 Qe7 23.Bg2 Ra3 24.e5 Ba6 25.Qd4 Qh4 26.Ne4 dxe5 27.fxe5 Qh5 28.Ng3 
Qg5 29.e6 Ndf6 30.d6 Rd8 31.d7 fxe6 32.dxe8=Q+ Nxe8 33.Qe5 Raxd3 34.Qxe6+ 
Kh8 35.Ne4 Qe3+ 36.Kh1 Bc8 37.Qg6 Bh3 38.Rf1 Bxg2+ 39.Qxg2 Nd6 40.Rbe1 Qd4
41.Nxd6 Qxd6 42.Rf7 Rg8 43.b5 1/2-1/2

[Event "42nd IND-ch (w)"]
[Site "Kolkata IND"]
[Date "2015.11.15"]
[Round "3"]
[White "Priyanka, Kumari"]
[Black "Swathi, Ghate"]
[Result "1/2-1/2"]
[WhiteElo "2011"]
[BlackElo "2230"]
[EventDate "2015.11.13"]
[PlyCount "144"]

1.e4 e5 2.Nf3 Nc6 3.Nc3 Nf6 4.d4 exd4 5.Nxd4 Bb4 6.Nxc6 bxc6 7.Bd3 O-O 8.
O-O d5 9.exd5 cxd5 10.Bg5 c6 11.Qf3 Bd6 12.Bxf6 Qxf6 13.Qxf6 gxf6 14.Ne2 
Rb8 15.b3 c5 16.Ng3 Rb4 17.Nf5 Rd8 18.Nxd6 Rxd6 19.Rad1 Be6 20.Rfe1 Rbb6 
21.Rd2 a5 22.Red1 d4 23.f4 a4 24.Be4 Ra6 25.f5 Bd5 26.Bxd5 Rxd5 27.c3 axb3
28.axb3 Ra3 29.cxd4 Rxb3 30.dxc5 Rxc5 31.Rd5 Rc2 32.R5d2 Rxd2 33.Rxd2 Rb5 
34.g4 h5 35.h3 hxg4 36.hxg4 Rb4 37.Rg2 Kg7 38.Kh2 Kh6 39.Kh3 Kg5 40.Rg1 
Rb2 41.Rg3 Rf2 42.Rg1 Rf3+ 43.Rg3 Rf1 44.Rg2 Rb1 45.Rg3 Rh1+ 46.Kg2 Rh4 
47.Kf3 Rh2 48.Rg1 Rb2 49.Rc1 Rb3+ 50.Kf2 Kxg4 51.Rc7 Rb2+ 52.Kf1 Rb5 53.
Rxf7 Kf3 54.Kg1 Rxf5 55.Rf8 Ke2 56.Re8+ Re5 57.Ra8 Rg5+ 58.Kh2 Re5 59.Kg3 
Ke3 60.Ra3+ Ke4 61.Ra4+ Kf5 62.Rf4+ Kg6 63.Rg4+ Kf7 64.Ra4 Rb5 65.Kf4 Kg6 
66.Rc4 Rh5 67.Kg4 f5+ 68.Kg3 Kg5 69.Rc8 f4+ 70.Kg2 Kg4 71.Rg8+ Rg5 72.
Rxg5+ Kxg5 1/2-1/2

[Event "42nd IND-ch (w)"]
[Site "Kolkata IND"]
[Date "2015.11.15"]
[Round "3"]
[White "Vaishali, Ramesh Babu"]
[Black "Soumya, Swaminathan"]
[Result "0-1"]
[WhiteElo "2298"]
[BlackElo "2341"]
[EventDate "2015.11.13"]
[PlyCount "124"]

1.c4 Nf6 2.Nc3 d5 3.cxd5 Nxd5 4.e4 Nxc3 5.bxc3 e5 6.Bc4 Bd6 7.Qh5 Qf6 8.
Nf3 Be6 9.Bxe6 Qxe6 10.O-O O-O 11.Re1 Nd7 12.d4 Rae8 13.d5 Qg6 14.Qh3 Nf6 
15.Nh4 Qg4 16.Qxg4 Nxg4 17.Nf5 Bc5 18.Re2 Nf6 19.a4 a5 20.Kf1 g6 21.Ng3 
Kg7 22.Rb1 b6 23.Ke1 Nd7 24.Nf1 Bd6 25.Be3 f5 26.exf5 gxf5 27.f3 f4 28.Bf2
Nf6 29.Rb5 e4 30.Bd4 Be5 31.Bxe5 Rxe5 32.c4 Rfe8 33.Rbb2 exf3 34.gxf3 Nd7 
35.Kf2 Rxe2+ 36.Rxe2 Rxe2+ 37.Kxe2 Nc5 38.Kd2 Kf6 39.Kc3 Ke5 40.Nd2 Nxa4+ 
41.Kb3 Nc5+ 42.Kc3 h6 43.Nb1 b5 44.cxb5 Kxd5 45.Nd2 Ne6 46.Nc4 Nd4 47.b6 
cxb6 48.Nxb6+ Kc6 49.Nc4 Nxf3 50.Nxa5+ Kd5 51.Kd3 Nxh2 52.Nb3 Nf3 53.Nc1 
Ne5+ 54.Ke2 Ke4 55.Na2 f3+ 56.Kf1 Ng4 57.Kg1 Kf4 58.Nc3 h5 59.Kh1 h4 60.
Kg1 f2+ 61.Kg2 h3+ 62.Kf1 Kf3 0-1

[Event "42nd IND-ch (w)"]
[Site "Kolkata IND"]
[Date "2015.11.15"]
[Round "3"]
[White "Kulkarni, Bhakti"]
[Black "Varshini, Velavan"]
[Result "1-0"]
[WhiteElo "2257"]
[BlackElo "2163"]
[EventDate "2015.11.13"]
[PlyCount "119"]

1.d4 d5 2.Nf3 Nf6 3.e3 e6 4.c4 Be7 5.b3 O-O 6.Bd3 b6 7.cxd5 Nxd5 8.O-O Bb7
9.Bb2 Nd7 10.Nbd2 c5 11.Rc1 Rc8 12.Re1 cxd4 13.Rxc8 Qxc8 14.Nxd4 N7f6 15.
Nc4 Qa8 16.a3 Rd8 17.Qb1 h6 18.Rc1 Nd7 19.b4 N5f6 20.Bf1 a6 21.Ba1 Rc8 22.
Qb2 b5 23.Na5 Bd5 24.f3 e5 25.Nf5 Bf8 26.e4 Be6 27.Ne3 Be7 28.Rxc8+ Qxc8 
29.Qc3 Qxc3 30.Bxc3 Bd6 31.Nc6 Ne8 32.Kf2 f6 33.g3 Nc7 34.Nd8 Bb3 35.Nf5 
Bf8 36.f4 g6 37.Ne3 Be7 38.Nc6 Bd6 39.fxe5 fxe5 40.Ng4 h5 41.Ngxe5 Bxe5 
42.Bxe5 Ne6 43.Bc3 Ng5 44.Ke3 Nb6 45.Bd3 Nd7 46.e5 Kf7 47.Nd8+ Ke7 48.Nb7 
Bf7 49.Nd6 Ke6 50.h4 Nxe5 51.Bxe5 Kxe5 52.Nxf7+ Nxf7 53.Bxg6 Nd6 54.Bxh5 
Nc4+ 55.Kd3 Nxa3 56.Bf7 Kf6 57.Bb3 Kf5 58.Kc3 Nb1+ 59.Kc2 Na3+ 60.Kb2 1-0

[Event "42nd IND-ch (w)"]
[Site "Kolkata IND"]
[Date "2015.11.15"]
[Round "3"]
[White "Pratyusha, Bodda"]
[Black "Padmini, Rout"]
[Result "1-0"]
[WhiteElo "2248"]
[BlackElo "2437"]
[EventDate "2015.11.13"]
[PlyCount "95"]

1.d4 Nc6 2.c4 e5 3.d5 Nce7 4.e4 Ng6 5.Nc3 Bc5 6.g3 d6 7.Bg2 Nf6 8.Na4 Bb4+
9.Bd2 a5 10.Ne2 Bxd2+ 11.Qxd2 O-O 12.O-O b6 13.b3 Nd7 14.Nec3 Nc5 15.Nb2 
f5 16.exf5 Bxf5 17.Nbd1 Qd7 18.Ne3 Bd3 19.Rfe1 e4 20.Nc2 Ne5 21.Nd4 Qg4 
22.h3 Qg6 23.Re3 Rf6 24.Ne6 Nxe6 25.dxe6 Nf3+ 26.Bxf3 Rxf3 27.Rxf3 exf3 
28.Nd5 Re8 29.Re1 Be2 30.Nxc7 Rxe6 31.Qd5 Kf7 32.Rc1 Qh6 33.Qxe6+ Qxe6 34.
Nxe6 Kxe6 35.Rc3 Ke5 36.Re3+ Kd4 37.Re6 Kc5 38.Re7 a4 39.Rxg7 Bd3 40.Rc7+ 
Kb4 41.Rb7 a3 42.Rxb6+ Kc3 43.Rxd6 Bb1 44.c5 Bxa2 45.c6 Bb1 46.c7 Bf5 47.
Rc6+ Kxb3 48.c8=Q 1-0

[Event "42nd IND-ch (w)"]
[Site "Kolkata IND"]
[Date "2015.11.15"]
[Round "3"]
[White "Singh, Neha"]
[Black "Michelle, Catherina"]
[Result "0-1"]
[WhiteElo "2024"]
[BlackElo "2242"]
[EventDate "2015.11.13"]
[PlyCount "40"]

1.e4 e5 2.Nf3 Nc6 3.Bb5 g6 4.O-O Bg7 5.c3 a6 6.Ba4 d6 7.d4 Bd7 8.d5 Nce7 
9.c4 h6 10.Nc3 f5 11.g3 Nf6 12.Re1 O-O 13.exf5 Bxa4 14.Qxa4 Nxf5 15.Qd1 
Qd7 16.Kg2 Qf7 17.Nd2 b5 18.b3 bxc4 19.bxc4 e4 20.Ndxe4 Nxe4 0-1

[Event "42nd IND-ch (w)"]
[Site "Kolkata IND"]
[Date "2015.11.16"]
[Round "4"]
[White "Priyanka, Nutakki"]
[Black "Michelle, Catherina"]
[Result "1/2-1/2"]
[WhiteElo "1994"]
[BlackElo "2242"]
[EventDate "2015.11.13"]
[PlyCount "98"]

1.d4 d5 2.c4 Nc6 3.Nc3 dxc4 4.d5 Ne5 5.e4 a6 6.Qd4 Nd3+ 7.Bxd3 cxd3 8.Nf3 
e6 9.O-O Nf6 10.Bf4 Be7 11.Rac1 O-O 12.Qxd3 exd5 13.exd5 Bd6 14.Bg5 h6 15.
Bh4 Re8 16.Rfe1 Rxe1+ 17.Rxe1 Bg4 18.h3 Bh5 19.Nd4 Bg6 20.Qf3 Bb4 21.Nb3 
a5 22.a3 Bxc3 23.Qxc3 Qxd5 24.Bxf6 gxf6 25.Nc1 Qd6 26.Qf3 c6 27.Rd1 Qe7 
28.Ne2 Rd8 29.Ng3 Rxd1+ 30.Qxd1 f5 31.Qd2 Qg5 32.Qxa5 Qc1+ 33.Kh2 Qxb2 34.
Qa7 Kh7 35.Qe3 Qf6 36.Qf4 Qg5 37.Qb4 f4 38.Ne2 f3 39.gxf3 Qe5+ 40.Ng3 b5 
41.f4 Qd5 42.Kg1 Bd3 43.Qc3 c5 44.Qf6 Qe6 45.Qc3 Qd5 46.Qf6 b4 47.axb4 
cxb4 48.f5 Bb5 49.Ne4 Qxe4 1/2-1/2

[Event "42nd IND-ch (w)"]
[Site "Kolkata IND"]
[Date "2015.11.16"]
[Round "4"]
[White "Padmini, Rout"]
[Black "Singh, Neha"]
[Result "1-0"]
[WhiteElo "2437"]
[BlackElo "2024"]
[EventDate "2015.11.13"]
[PlyCount "33"]

1.e4 e5 2.Nf3 Nc6 3.Bb5 a6 4.Ba4 Nf6 5.O-O b5 6.Bb3 Be7 7.d4 Nxd4 8.Nxd4 
exd4 9.e5 O-O 10.exf6 Bxf6 11.c3 dxc3 12.Nxc3 c6 13.Ne4 d5 14.Nxf6+ Qxf6 
15.Be3 Qxb2 16.Bd4 Qa3 17.Rc1 1-0

[Event "42nd IND-ch (w)"]
[Site "Kolkata IND"]
[Date "2015.11.16"]
[Round "4"]
[White "Varshini, Velavan"]
[Black "Pratyusha, Bodda"]
[Result "1/2-1/2"]
[WhiteElo "2163"]
[BlackElo "2248"]
[EventDate "2015.11.13"]
[PlyCount "104"]

1.e4 c5 2.Nf3 e6 3.d4 cxd4 4.Nxd4 Nc6 5.Nc3 Qc7 6.Be3 a6 7.Be2 Nf6 8.O-O 
b5 9.a3 Be7 10.Nb3 d6 11.f4 O-O 12.Bf3 Bb7 13.g4 Rfe8 14.g5 Nd7 15.Bg2 Bf8
16.Rf3 g6 17.Rh3 Bg7 18.Qe1 Nf8 19.Qh4 Ne7 20.Kh1 Rab8 21.Rd1 Bc8 22.Rf1 
a5 23.Qf2 b4 24.axb4 axb4 25.Nd1 Ba6 26.Re1 Rec8 27.Bd4 Qxc2 28.Qh4 e5 29.
Ne3 Qxb3 30.Nd5 Qxd5 31.exd5 Nf5 32.Qf2 Nxd4 33.Be4 f5 34.gxf6 Bxf6 35.
fxe5 Bxe5 36.Rd1 Ne2 37.Rf3 Bxb2 38.Bd3 Nc3 39.Rf1 Bxd3 40.Rxd3 Na4 41.
Qf7+ Kh8 42.Re3 Nc5 43.Re7 Ncd7 44.Rxd7 Nxd7 45.Qxd7 Be5 46.Rf7 Rc1+ 47.
Kg2 Rc2+ 48.Kg1 Rxh2 49.Qe7 Kg8 50.Qe6 Kh8 51.Qe7 Kg8 52.Qe6 Kh8 1/2-1/2

[Event "42nd IND-ch (w)"]
[Site "Kolkata IND"]
[Date "2015.11.16"]
[Round "4"]
[White "Soumya, Swaminathan"]
[Black "Kulkarni, Bhakti"]
[Result "1-0"]
[WhiteElo "2341"]
[BlackElo "2257"]
[EventDate "2015.11.13"]
[PlyCount "119"]

1.e4 e6 2.d4 d5 3.Nc3 Nf6 4.e5 Nfd7 5.f4 c5 6.Nf3 Nc6 7.Be3 Be7 8.Qd2 O-O 
9.dxc5 Bxc5 10.O-O-O Qa5 11.Kb1 Bb4 12.a3 Be7 13.Qe1 a6 14.Nd4 Qc7 15.Qg3 
Nxd4 16.Bxd4 f6 17.exf6 Bxf6 18.Be2 Bxd4 19.Rxd4 Nb8 20.Rf1 Nc6 21.Rdd1 
Rb8 22.Bg4 b5 23.Qh3 Rf6 24.Rfe1 Rh6 25.Qf3 Ne7 26.Ne2 Nc6 27.Nd4 Nxd4 28.
Rxd4 Rf6 29.Qe3 Bd7 30.Qd2 Rb6 31.g3 Rc6 32.Re5 Be8 33.Rdxd5 exd5 34.Rxe8+
Kf7 35.Re5 Rfd6 36.Bf3 d4 37.Bd5+ Kf8 38.Bxc6 Qxc6 39.Qd3 g6 40.f5 Qh1+ 
41.Ka2 Qc6 42.Qd2 Qc4+ 43.b3 Qc8 44.fxg6 hxg6 45.Re4 Qc6 46.Rf4+ Kg8 47.
Qf2 Qc8 48.Rf3 a5 49.Kb2 a4 50.b4 Qe8 51.h4 Qe7 52.Qf1 Rd5 53.g4 Re5 54.
Qd3 Qd6 55.g5 Re6 56.Qxb5 Kg7 57.Qxa4 Qe5 58.Rd3 Re7 59.Qc6 Re6 60.Qd7+ 
1-0

[Event "42nd IND-ch (w)"]
[Site "Kolkata IND"]
[Date "2015.11.16"]
[Round "4"]
[White "Tania, Sachdev"]
[Black "Priyanka, Kumari"]
[Result "1-0"]
[WhiteElo "2385"]
[BlackElo "2011"]
[EventDate "2015.11.13"]
[PlyCount "163"]

1.d4 Nf6 2.c4 g6 3.Nc3 Bg7 4.e4 d6 5.f3 O-O 6.Nge2 c5 7.d5 e6 8.Ng3 exd5 
9.cxd5 h5 10.Bg5 Qb6 11.Qd2 Nh7 12.Bh4 Nd7 13.Be2 Re8 14.O-O Bf6 15.Bxf6 
Nhxf6 16.Nh1 a6 17.Nf2 Qc7 18.a4 Rb8 19.b3 Qb6 20.Kh1 Ne5 21.h3 Qb4 22.f4 
Ned7 23.Qc2 b5 24.axb5 axb5 25.Rfb1 Qd4 26.Bxb5 Qe3 27.Rf1 Qxf4 28.Ng4 Qg5
29.Nxf6+ Nxf6 30.Bxe8 Nxe8 31.Qf2 Qe7 32.Ra3 Kg7 33.Qb2 Qe5 34.Nd1 Qxb2 
35.Nxb2 Nf6 36.Re1 Kf8 37.Nc4 Ke7 38.e5 dxe5 39.Rxe5+ Kf8 40.d6 Be6 41.
Rxc5 Ne4 42.Rca5 Kg7 43.Rc5 Bxc4 44.bxc4 Nxd6 45.Re5 Rc8 46.c5 Nb7 47.Rd5 
Nd8 48.Kg1 Ne6 49.Kf2 Kf6 50.c6 Rc7 51.h4 Ke7 52.Rd1 Nd8 53.Re3+ Ne6 54.
Rc1 Kd6 55.Rd3+ Ke7 56.Kf3 Nd8 57.Re1+ Ne6 58.Rc3 Kd6 59.Rd1+ Ke7 60.Ke4 
Nd8 61.Rd7+ Rxd7 62.cxd7 Ne6 63.Ke5 f6+ 64.Kd5 Kxd7 65.g3 Nc7+ 66.Ke4 Kd6 
67.Rd3+ Ke6 68.Rd8 Ke7 69.Rb8 Ne8 70.Kd5 Kd7 71.Rb7+ Nc7+ 72.Kc5 Kc8 73.
Kc6 Ne6 74.Rd7 Nd8+ 75.Kd6 Nb7+ 76.Ke7 Nc5 77.Rd4 Kc7 78.Rc4 Kc6 79.Kxf6 
Kd5 80.Rxc5+ Kxc5 81.Kxg6 Kd5 82.Kxh5 1-0

[Event "42nd IND-ch (w)"]
[Site "Kolkata IND"]
[Date "2015.11.17"]
[Round "5"]
[White "Priyanka, Kumari"]
[Black "Priyanka, Nutakki"]
[Result "0-1"]
[WhiteElo "2011"]
[BlackElo "1994"]
[EventDate "2015.11.13"]
[PlyCount "140"]

1.e4 e6 2.d4 d5 3.Nc3 Bb4 4.e5 c5 5.Bd2 Ne7 6.a3 Bxc3 7.Bxc3 b6 8.b4 Qc7 
9.Nf3 cxb4 10.Bxb4 a5 11.Bd2 Ba6 12.Bd3 O-O 13.O-O Nd7 14.Qe2 Bxd3 15.cxd3
Rfc8 16.Rfc1 Qb7 17.Qd1 Rxc1 18.Rxc1 Rc8 19.Rxc8+ Qxc8 20.Qb3 h6 21.Kf1 
Kf8 22.Ke2 Ke8 23.g4 Qc7 24.a4 Nc6 25.Qc3 Kd8 26.Ne1 Na7 27.Qb3 Ke8 28.Nc2
Qd8 29.Qc3 Qc8 30.Qxc8+ Nxc8 31.f4 Ke7 32.f5 f6 33.Bc3 fxe5 34.fxe6 Kxe6 
35.Ke3 Nd6 36.h3 e4 37.Ne1 Nf6 38.Ng2 g5 39.Ne1 exd3 40.Nxd3 Nfe4 41.Be1 
Nc4+ 42.Ke2 Kd6 43.Kd1 Kc6 44.Kc2 Kd6 45.Kd1 Ne3+ 46.Kc1 Ke6 47.Bd2 Nc4 
48.Be1 Kf6 49.Kd1 h5 50.gxh5 Kg7 51.Ke2 Kh6 52.Kf3 Kxh5 53.Ke2 Kg6 54.Kf3 
Kf5 55.Ke2 Ke6 56.Kd1 Ne3+ 57.Kc1 Nf5 58.Nf2 Nxd4 59.Nxe4 dxe4 60.Bf2 Nb3+
61.Kb2 Nc5 62.Ka3 Kf5 63.Be3 g4 64.hxg4+ Kxg4 65.Bd2 Kf3 66.Bg5 e3 67.Bd8 
e2 68.Bh4 Ke3 69.Be1 Nd3 70.Bc3 e1=Q 0-1

[Event "42nd IND-ch (w)"]
[Site "Kolkata IND"]
[Date "2015.11.17"]
[Round "5"]
[White "Vaishali, Ramesh Babu"]
[Black "Tania, Sachdev"]
[Result "1-0"]
[WhiteElo "2298"]
[BlackElo "2385"]
[EventDate "2015.11.13"]
[PlyCount "101"]

1.d4 Nf6 2.Bg5 g6 3.Nc3 d5 4.Qd2 Bg7 5.Bh6 O-O 6.h4 c6 7.h5 Bxh6 8.Qxh6 
Ng4 9.Qd2 Qd6 10.Nf3 Nd7 11.e4 e5 12.O-O-O Ndf6 13.hxg6 fxg6 14.dxe5 Nxe5 
15.Nxe5 Qxe5 16.f4 Qe7 17.exd5 cxd5 18.Nxd5 Nxd5 19.Qxd5+ Be6 20.Qd6 Qf7 
21.Re1 Bd5 22.Rh4 Rfe8 23.Rxe8+ Rxe8 24.Bd3 Be4 25.Bb5 Rc8 26.Ba4 Bd5 27.
Rh3 Bxa2 28.Re3 Qd5 29.Qxd5+ Bxd5 30.g3 Kf7 31.Re5 Be6 32.Bb5 Rd8 33.Bd3 
Kf6 34.Rc5 Rd5 35.Rc7 Rd7 36.Rc5 Rd5 37.Rxd5 Bxd5 38.c4 Be6 39.Kd2 h5 40.
Ke3 g5 41.b4 b6 42.Be2 Kf5 43.fxg5 Kxg5 44.Kd4 a5 45.b5 Bd7 46.Bd1 Bh3 47.
c5 bxc5+ 48.Kxc5 h4 49.gxh4+ Kxh4 50.b6 Bc8 51.Kc6 1-0

[Event "42nd IND-ch (w)"]
[Site "Kolkata IND"]
[Date "2015.11.17"]
[Round "5"]
[White "Kulkarni, Bhakti"]
[Black "Swathi, Ghate"]
[Result "1-0"]
[WhiteElo "2257"]
[BlackElo "2230"]
[EventDate "2015.11.13"]
[PlyCount "155"]

1.d4 d5 2.Nf3 Nf6 3.c4 c6 4.e3 e6 5.Qc2 b6 6.Nc3 Bb7 7.b3 Nbd7 8.Bb2 Be7 
9.Bd3 Rc8 10.O-O c5 11.Qe2 O-O 12.Rac1 Qc7 13.cxd5 exd5 14.dxc5 bxc5 15.
Rfd1 Qa5 16.Bf5 Rcd8 17.Rc2 Rfe8 18.Qb5 Qc7 19.Rcd2 d4 20.exd4 Bxf3 21.
gxf3 Qf4 22.Bxd7 Rxd7 23.Ne4 Red8 24.Qe2 Nxe4 25.fxe4 Bd6 26.Qh5 Bc7 27.
Bc3 Rd6 28.d5 Qxe4 29.Be5 Rg6+ 30.Bg3 Bxg3 31.fxg3 Re8 32.d6 Qe3+ 33.Kg2 
Rge6 34.Qd5 Rd8 35.d7 Rf6 36.Rc1 h5 37.Rxc5 Qe1 38.Qd3 h4 39.Rc8 h3+ 40.
Kxh3 Qe6+ 41.Kg2 Rxc8 42.dxc8=Q+ Qxc8 43.Qd8+ Qxd8 44.Rxd8+ Kh7 45.Rd7 a6 
46.Rd4 g5 47.g4 Kg6 48.Rd2 Re6 49.Rf2 Re4 50.h3 a5 51.Kf3 Rb4 52.Rc2 Rf4+ 
53.Ke2 Re4+ 54.Kd3 Rf4 55.Rc6+ f6 56.Ra6 Rf3+ 57.Kc2 Rf2+ 58.Kb1 Rh2 59.
Rxa5 Rxh3 60.Rc5 Kf7 61.Kb2 Rh4 62.Rc4 Rh2+ 63.Rc2 Rh4 64.Rg2 f5 65.gxf5 
Kf6 66.a4 Kxf5 67.a5 Kf4 68.Kc3 g4 69.b4 Kf3 70.Rd2 g3 71.a6 Rh1 72.b5 Ra1
73.Kc4 g2 74.Rxg2 Kxg2 75.Kc5 Kf3 76.Kb6 Ke4 77.Ka7 Kd5 78.b6 1-0